000 00616nam a22002057a 4500
003 0
005 20250905151334.0
008 250905b xxu||||| |||| 00| 0 eng d
020 _a979-8-89161-583-0
050 _aCB 69
_b.H39 2025
100 _aHayes, Nathaniel,
_eauthor.
245 _aCultural history of the world /
_cNathaniel Hayes.
260 _aJersey City, USA :
_bAlexis Press,
_c2025.
300 _ax, 291 pages ;
_c27 cm.
504 _aIncludes bibliographical references and index.
650 _aWorld history.
650 _aCivilization
_xHistory.
650 _aCulture
_xHistory.
942 _2lcc
_cBK
999 _c367785
_d367785